000 00883nas a2200277 4500
001 BR2015005793
003 BR-BrBNA
005 20231205125803.0
007 ta
008 230509b bl.|||p| |||| 00| 00por d
040 _aBR-BrBNA
_bpor
_cBiblioteca Nacional de Agricultura
041 _a(Pt)
072 _aD50; E70
100 1 _aLírio, F.C.
100 1 _aRodrigues, T. de S.
100 1 _aSouza, M.C.L.
100 1 _aLima, F.F. de
245 1 _aAdequação à legislação vigente da rotulagem de águas minerais comercializadas no município do Rio de Janeiro - RJ
650 _aÁGUA MINERAL
650 _aLEGISLAÇÃO
650 _aROTULAGEM
650 _aCOMERCIALIZAÇÃO
773 0 _tHigiene Alimentar (Brazil)
_xISSN 0101-9171
_g(Mar-Apr 2015), v. 29(242-243) p. 192-196
_wBR2015005793
909 _a202311
_bLúcia
_c55
_dLúcia Elande
942 _2AGRIS
_n0
_cANA
999 _c246141
_d246141